| 000 | 00800nam a2200301Ia 4500 | ||
|---|---|---|---|
| 008 | 160803s9999 xx 000 0 und d | ||
| 020 | _a0 316605050 | ||
| 100 | _aConte, Juliet Dallas | ||
| 245 | _aCock-a-moo-moo / | ||
| 245 | _cby Juliet Dallas-Conte ; illustrated by Alison Bartlett. | ||
| 260 | _aNew York : | ||
| 260 | _bScholastic Inc. | ||
| 260 | _c2001 | ||
| 300 | _a[28] unnumbered pages : | ||
| 300 | _bcolor illustrations ; | ||
| 300 | _c27 cm | ||
| 650 | _aDomestic animals -- | ||
| 650 | _aHope -- | ||
| 650 | _aMemory -- | ||
| 650 | _aRoosters -- | ||
| 650 | _aTeasing -- | ||
| 650 | _xJuvenile fiction. | ||
| 650 | _xJuvenile fiction. | ||
| 650 | _xJuvenile fiction. | ||
| 650 | _xJuvenile fiction. | ||
| 650 | _xJuvenile fiction. | ||
| 700 | _a290 | ||
| 999 |
_c299279 _d299279 |
||